[Event "2024 New Year TNM: 1200-1599"]
[Site "San Francisco"]
[Date "2024.01.30"]
[Round "4.19"]
[White "Maheshwari, Anubhav"]
[Black "Tagatac, David M"]
[Result "1-0"]
[WhiteElo "1392"]
[BlackElo "1284"]
[Annotator "Tagatac,David M"]
[PlyCount "123"]
[EventDate "2024.01.09"]
[EventType "swiss"]
[EventRounds "7"]

1. e4 e5 2. Nf3 Nc6 3. Bc4 Bc5 4. c3 Nf6 5. d3 a6 6. Bg5 h6 7. Bh4 Ba7 8. Nbd2 d6 9. O-O Qe7 10. Bb3 g5 11. Bg3 h5 12. h4 g4 13. Ng5 Nd8 14. d4 Nd7 15. d5 f6 16. Ne6 Nxe6 17. dxe6 Nc5 18. Bc2 Bxe6 19. b4 Nd7 20. a4 Nb6 21. b5 a5 22. Bb3 Bxb3 23. Nxb3 Nc4 24. Qd5 Nb6 (24... Qf7) 25. Qxb7 c6 $6 26. Qxe7+ Kxe7 27. Nxa5 cxb5 28. Nc6+ Ke6 29. axb5 $1 Bb8 30. Rxa8 Nxa8 31. c4 $2 Bc7 32. Rc1 $6 Bb6 33. Kf1 Bc5 34. f4 Nb6 (34... exf4) 35. f5+ Kd7 $1 36. Ra1 (36. Be1) 36... Ra8 (36... Nxc4 37. Bf2 Na3 38. Nxe5+ fxe5 39. Bxc5 Nxb5 40. Bb4 Rc8 41. Ra5 Nc3 42. Ra7+ Ke8 43. Bxd6 Nxe4 44. Bxe5 Rc5 45. Bb8 Rb5 46. Bc7 Ke7 47. Ke2 Rxf5 48. Ke3 Nc5 49. Be5+ Ke6 50. Bg7 Nb3 51. Ra8) 37. Rxa8 Nxa8 38. Ke2 Nb6 39. Kd3 Na4 40. Kc2 Nb6 41. Kb3 Be3 42. Nb4 Bf4 43. Bf2 Kc7 44. g3 Bd2 45. Bxb6+ Kxb6 46. Nd5+ Kb7 47. Nxf6 Bg5 48. Nxh5 Bxh4 49. gxh4 Kb6 50. f6 Kc5 51. Kc3 d5 52. cxd5 Kxb5 53. f7 g3 54. Nxg3 Kc5 55. f8=Q+ Kb6 56. Qc8 Kb5 57. d6 Kb6 58. d7 Ka7 59. Qc7+ Ka6 60. d8=Q Kb5 61. Qdb8+ Ka4 62. Qca7# {1-0} 1-0

[Event "2024 New Year TNM: 1200-1599"]
[Site "San Francisco"]
[Date "2024.01.30"]
[Round "4.20"]
[White "Starr, Albert Martin"]
[Black "Fitzgerald, William"]
[Result "0-1"]
[WhiteElo "1500"]
[BlackElo "1129"]
[Annotator "Winslow,Elliott"]
[PlyCount "130"]
[EventDate "2024.01.09"]
[EventType "swiss"]
[EventRounds "7"]

1. b4 e5 2. Bb2 d6 3. e3 Be6 4. d3 Nd7 5. Nf3 Be7 6. Be2 Ngf6 7. O-O O-O 8. Nbd2 c6 9. c4 b6 10. a4 Qc7 11. e4 c5 12. b5 a6 (12... Rfb8) (12... Ne8) 13. Ng5 Nb8 14. Nxe6 fxe6 15. Nb3 a5 {[#]} 16. Nd2 Nbd7 17. Nf3 h6 18. g3 Nh7 (18... Rf7 19. Nh4 g5 20. Ng2 Rg7) 19. Re1 $2 (19. Ne1) 19... Rad8 (19... Kf7 $5) 20. Bf1 (20. Rf1) 20... Rf7 21. Re3 Bg5 22. Nxg5 Nxg5 23. h4 Nh7 24. Bh3 Ndf8 25. Rf3 Rdd7 26. Bc1 Rxf3 27. Qxf3 Rf7 28. Qg2 (28. Qh5 Nf6 29. Qe2) 28... Qe7 {[#]} 29. f4 $2 exf4 30. Bxf4 Qf6 {[%csl Ra1,Ra4,Rd3,Rf2] [#]} 31. Rf1 (31. Ra2 Qd4+ 32. Qf2 Qxd3 33. Qe2 $17) 31... Qd4+ 32. Kh2 Qxd3 $19 33. Rf2 e5 $1 34. Bd2 Rxf2 35. Qxf2 Qxe4 (35... Qxc4) 36. Bf1 Nf6 37. Be2 Ng4+ 38. Bxg4 Qxg4 39. Qf1 Qd4 40. Qc1 Qf2+ 41. Kh3 Qf5+ 42. Kh2 Ne6 43. Qd1 Nd4 44. Be3 Qc2+ 45. Qxc2 Nxc2 46. Bc1 Kf7 47. g4 Kf6 48. Kg3 Nd4 49. Kf2 {[#]} e4 50. Ke3 Ke5 51. Bd2 Nc2+ 52. Ke2 {[#]} e3 $1 53. Bc3+ Ke4 54. Bxg7 Nd4+ 55. Ke1 Nf3+ (55... Kd3 56. Bxd4 cxd4 57. g5 e2 58. Kf2 (58. gxh6 Ke3 59. h7 d3 60. h8=Q d2# {[#]}) 58... Kd2) 56. Ke2 Ng1+ (56... Nd4+ 57. Bxd4 cxd4 58. g5 hxg5 59. hxg5 d3+ 60. Ke1 Kf5) 57. Kf1 e2+ $1 58. Ke1 Kd3 59. Bxh6 Nf3+ 60. Kf2 e1=Q+ 61. Kxf3 Qxh4 62. g5 Kxc4 63. Ke3 d5 64. Kd2 Kb3 65. Kc1 $1 Qe1# 0-1

[Event "2024 New Year TNM: 1200-1599"]
[Site "San Francisco"]
[Date "2024.01.30"]
[Round "4.21"]
[White "Aldenderfer, Kris K"]
[Black "Morello, Nicholas"]
[Result "0-1"]
[WhiteElo "1256"]
[BlackElo "1477"]
[PlyCount "84"]
[EventDate "2024.01.09"]
[EventType "swiss"]
[EventRounds "7"]

1. e4 c5 2. d4 cxd4 3. c3 dxc3 4. Nxc3 Nc6 5. Nf3 d6 6. Bc4 e6 7. O-O Be7 8. Qe2 a6 9. Rd1 Qc7 10. Bf4 Nf6 11. Rac1 O-O 12. a3 b5 13. Nxb5 axb5 14. Bxb5 Bb7 15. Bxc6 Bxc6 16. e5 Nd5 17. Rxd5 exd5 18. Nd4 dxe5 19. Bxe5 Qd7 20. Rxc6 Rfc8 21. Rxc8+ Rxc8 22. h3 Bd6 23. Bxd6 Qxd6 24. Qd2 Qc5 25. Kf1 Qc1+ 26. Qxc1 Rxc1+ 27. Ke2 Rb1 28. b3 Rb2+ 29. Ke3 Kf8 30. f3 Rxg2 31. a4 Ra2 32. Nc6 Ra3 33. Nd4 Ke8 34. Kf4 f6 35. Kf5 Ke7 36. a5 g6+ 37. Kf4 Kd7 38. b4 Ra4 39. Nc2 Kd6 40. h4 Kc6 41. Nd4+ Kb7 42. h5 Rxb4 0-1

[Event "2024 New Year TNM: 1200-1599"]
[Site "San Francisco"]
[Date "2024.01.30"]
[Round "4.22"]
[White "Schuster, Zack"]
[Black "Fisher, Brett"]
[Result "0-1"]
[WhiteElo "1242"]
[BlackElo "1344"]
[Annotator "Winslow,Elliott"]
[PlyCount "132"]
[EventDate "2024.01.09"]
[EventType "swiss"]
[EventRounds "7"]

1. d4 Nf6 2. c4 g6 3. g3 Bg7 4. Bg2 O-O 5. Nc3 d6 6. Nf3 Bg4 7. O-O Bxf3 8. Bxf3 Nc6 9. e4 e5 10. Ne2 Re8 11. Re1 Qd7 12. d5 Ne7 13. b4 c6 14. a4 cxd5 15. cxd5 h6 16. Nc3 Rac8 17. Bb2 Rc4 18. Qb3 Rec8 19. Rac1 a6 20. Ne2 Rxc1 21. Rxc1 Ne8 22. Bg2 f5 23. f3 Nf6 24. b5 {[#]} Rxc1+ 25. Bxc1 axb5 26. axb5 fxe4 27. fxe4 Qc7 28. Ba3 Ng4 29. b6 Qd8 30. h3 Nf6 31. Nc3 h5 32. Na4 Nc8 33. Bc1 Kh7 34. Bg5 Bh6 35. Bxf6 Qxf6 36. Qc3 Qd8 37. Qc7+ Qxc7 38. bxc7 Be3+ 39. Kf1 b5 40. Nc3 b4 41. Nb5 b3 42. Ke2 b2 43. Na3 Bc5 44. Nb1 Kh6 45. Kd2 Bb6 46. Kc2 Bxc7 47. Kxb2 {[#]} Kg5 48. Kc2 h4 49. g4 Kf4 50. Kd3 Kg3 51. Bf1 Kf2 52. Nd2 Ba5 53. Be2 Bxd2 54. Kxd2 Kg2 55. Ke3 g5 56. Bf3+ Kxh3 {[#]} 57. Kf2 Kh2 58. Be2 Ne7 59. Bf3 Ng6 60. Be2 Nf4 61. Bf3 Nd3+ 62. Ke2 Kg3 63. Bh1 Nf4+ 64. Kf1 Kxg4 65. Kg1 Ne2+ 66. Kf2 Nc3 0-1

[Event "2024 New Year TNM: 1200-1599"]
[Site "San Francisco"]
[Date "2024.01.30"]
[Round "4.23"]
[White "Karpe, Ummon"]
[Black "McKemey, Hector Scott"]
[Result "0-1"]
[WhiteElo "1114"]
[BlackElo "1410"]
[Annotator "McKemey,Hector Scott"]
[PlyCount "108"]
[EventDate "2024.01.09"]
[EventType "swiss"]
[EventRounds "7"]

1. d4 Nf6 2. Nf3 e6 3. c4 c5 4. e3 {My Benoni gets rejected for a third time! "My disappointment is immeasurable and my day is ruined."} d5 5. b3 Nc6 6. Nc3 cxd4 7. exd4 $6 b6 $2 {I wanted to prevent c5 as was played in my game against Brett, but to be honest I am not as familiar in these Indian structures as I should be. Note to self...} (7... Bb4 8. Bb2 Ne4 9. Qc2 Qa5 10. Rc1 Qxa2 {I saw this line as b3 did seem a bit funny and I wanted to punish, but taking on a2 seemed questionable--maybe my queen will get trapped...}) 8. g3 $6 Bb7 9. Bg2 $6 Rc8 $2 {Again, pinning the knight was best.} 10. Ne5 $6 Na5 $6 (10... Bb4 11. Bb2 (11. cxd5 $4) 11... dxc4 12. bxc4 Nxe5 13. Bxb7 Nxc4 14. Bxc8 Nxb2 15. Qc2 Qxc8 $19 {I was considering Nxe5, Na5, and Bb4, but certainly did not calculate this disgusting engine line.}) 11. Bb2 Be7 {I continue failing to punish this b3 move.} 12. O-O O-O 13. Rc1 dxc4 14. Bxb7 $1 {Happy to trade off this bishop but my knight on b7 looks a bit funny now.} Nxb7 15. Nxc4 Nd5 16. Ne2 Nd6 (16... Bg5 {I looked at this Bg5 move but didn't like f4. Apparently I just drop back and am better $2} 17. f4 Bf6 $15) 17. Ne5 Rxc1 {Playing it safe. I did consider Nf5 but calculated the following.} (17... Nf5 18. Rxc8 (18. g4 {Scary but I just go to h4.}) (18. Nc6 Qd7 19. Nxe7+ Qxe7 {I saw this line and didn't like it. Computer says I'm slightly better.}) 18... Qxc8 {meh}) 18. Qxc1 Qc7 $6 {Again, knife f5 is the play here. Trading queens gives away my advantage, although in this moment I did not think I was slightly better. I figured the e5 knight was too strong, and Nc6 was coming $1 Apparently Qa8 and I'm fine. I still felt like I was untangling.} (18... Nf5 19. Nc6 Qa8 20. Nxe7+ Ndxe7 $15 21. Qd2 $17 (21. Qc7 $4)) 19. Qxc7 Nxc7 20. Rc1 Nd5 21. Nc3 Nxc3 22. Rxc3 Nb5 $6 (22... Bf6 {should have played this first...}) 23. Rc4 Bf6 $6 (23... Ba3) 24. Nd7 Rd8 25. Nxf6+ gxf6 26. Kg2 $6 Rd7 27. Kf3 Kg7 28. Ke3 Nc7 29. h3 Nd5+ 30. Ke2 h5 31. Kf3 Rc7 32. Rxc7 Nxc7 33. Ke4 Nd5 34. g4 Kg6 35. a3 hxg4 36. hxg4 Kg5 37. f3 Kh4 38. Bc1 $2 {A fatal mistake. Now I walk in unopposed as the white king doesn't have the tempi to get back. The white king is stuck $1} Kg3 $1 39. Bd2 b5 $2 {A mistake I saw as soon as I played it. I wanted just to sure up those pawns but should've kept the king walk going.} 40. Be1+ $1 Kg2 41. Bd2 $2 {I noted to Ummon after the game that f4 here did have me worried and was likely still a draw.} (41. f4 Kf1 42. Bh4 Ke2 43. f5 Nc3+ {Perpetual.}) 41... a6 {Another miss, keep the king walk going $1} (41... Kf2) 42. Be1 Kf1 $1 43. Bh4 $6 Ke2 44. Bg3 $2 {Ummon here picked up the bishop to go Bxf3, then realised it was defended by the knight. Unfortunately there aren't any good squares for the bishop but he must move it. This move also blocks the king's escape.} Nc3+ 45. Kf4 Kd3 46. g5 Ne2+ 47. Kg4 Nxg3 48. Kxg3 fxg5 49. Kg4 f6 50. Kh5 Kxd4 51. Kg6 Ke5 52. b4 Kf4 53. Kxf6 Kxf3 54. Kxg5 e5 0-1

[Event "2024 New Year TNM: 1200-1599"]
[Site "San Francisco"]
[Date "2024.01.30"]
[Round "4.24"]
[White "Cao, Danny Du Uy"]
[Black "Le, Thu Anh"]
[Result "0-1"]
[WhiteElo "1190"]
[BlackElo "1187"]
[Annotator "Le,Thu Anh"]
[PlyCount "104"]
[EventDate "2024.01.09"]
[EventType "swiss"]
[EventRounds "7"]

1. d4 Nf6 2. Nf3 c5 3. e3 Qb6 $5 {Ha, I mixed up with my opening line against the London.} (3... g6) 4. c4 g6 5. Be2 (5. d5) 5... Bg7 6. O-O O-O 7. Nc3 cxd4 8. Nxd4 (8. exd4) 8... d6 9. b3 Nc6 10. Bb2 Nxd4 11. exd4 Bf5 12. h3 Qc7 {I got tired having to add an extra Na4 tempo for each calculation. Also a6 b5 seems like a good plan.} 13. Qd2 a6 14. Bf3 e5 15. dxe5 (15. g4 Be6 16. dxe5 dxe5) (15. d5 {Blocks White's LSB and makes it bad in the middle-game. Though, the pawn chain looks pretty nice for the endgame if White is able to trade-off the LSB.} h5) 15... dxe5 16. Qe2 Rfe8 17. Ne4 (17. Nd5 Nxd5 18. Bxd5 {I anticipated this sequence and took awhile trying to figure out how to deal with it.}) 17... Nxe4 18. Bxe4 Bxe4 19. Qxe4 f5 20. Qe2 Rad8 21. Rad1 e4 22. Bxg7 Qxg7 (22... Kxg7 23. Qb2+ Kf7 {The king gets out more efficiently. I didn't want to potentially run into tactics so I took with the queen instead.} (23... Qe5 24. Qxe5+ Rxe5 25. Rxd8) (23... Kf8 24. Qh8+ {Why are queens scary $2})) 23. Qc2 Qe5 24. Rfe1 Qc5 {Prevents White from playing 1) f3 2) c5 3) Rd5} 25. Rxd8 (25. Qc3 Kf7 26. Rd2 Rxd2 27. Qxd2) 25... Rxd8 26. Rd1 Rxd1+ 27. Qxd1 {Now White has an open queen file. Black has the K-side pawn majority and White on the Q-side. However, White's king is closer to Black's pawns than Black's king is to White's pawns. White's c-pawn is dangerous, and now can be aided with the queen roaming in Black's half of the board.} Qb4 {So that White wouldn't have a forced queen trade, or take the b7 pawn. Ironically, the queen trade would have been better for Black and I miscalculated.} (27... Qe5 28. Qd5+ Qxd5 29. cxd5 Kf7 30. d6 Ke6) 28. Qd5+ Kg7 29. Qd4+ Kh6 30. Qe3+ Kg7 $1 (30... g5 {would be bad} 31. g4 fxg4 (31... f4 32. Qxe4 {hangs a pawn}) 32. hxg4) 31. Qd4+ Kf7 {I took about 10 minutes here to decide if I should go through the repetition. This is objectively probably not the best move, but I wanted to play it out! I have the K-side majority and a slightly better king, albeit still in defense mode due to White's queen and the c-pawn.} 32. Qd7+ Qe7 33. Qd5+ Kf6 34. Kf1 (34. h4 h6 35. Qd4+ Kf7) 34... Qa3 35. Qd8+ (35. Qxb7 Qc1+ 36. Ke2 Qc2+ 37. Ke3 (37. Ke1 Qxa2 38. Qb6+ Ke7 39. Qc5+ Ke6) 37... Qd3+ 38. Kf4 g5# {This is mate.}) 35... Qe7 36. Qxe7+ $2 {I was happy my opponent traded queens, as I thought White was slightly better up until this point. White can slowly make progress while keeping Black down a tempo when needed with queen checks. Now Black has a nice K+P endgame with the better king.} (36. Qb6+ Ke5 (36... Kf7 37. g3) 37. c5) 36... Kxe7 37. Ke2 Ke6 38. Ke3 Ke5 39. g3 (39. f4+ {White's best bet to draw} exf3 40. gxf3 f4+ 41. Kd3 g5 42. b4 h6) 39... g5 40. b4 f4+ 41. gxf4+ gxf4+ 42. Ke2 Kd4 43. f3 e3 44. c5 Kc4 45. a3 Kb3 46. Kd3 Kxa3 47. Kc3 Ka4 48. h4 h5 {zugzwang.} 49. Kd3 Kxb4 50. Ke4 e2 51. Kxf4 e1=Q 52. Kg5 Qe5+ 0-1

[Event "2024 New Year TNM: 1200-1599"]
[Site "San Francisco"]
[Date "2024.01.30"]
[Round "4.25"]
[White "Clark, Drew H"]
[Black "Hollon, Nick"]
[Result "0-1"]
[WhiteElo "1425"]
[BlackElo "1341"]
[Annotator "Hollon,Nick"]
[PlyCount "60"]
[EventDate "2024.01.09"]
[EventType "swiss"]
[EventRounds "7"]

1. e4 c5 2. Nf3 d6 3. d4 cxd4 4. Nxd4 Nf6 5. Nc3 a6 6. f3 e5 7. Nb3 Be7 8. Be3 Be6 9. Nd5 Nxd5 10. exd5 Bf5 11. Bd3 Bg5 12. Bf2 Bxd3 $2 {Black trades off his good bishop and gives White a nice lead in development} (12... Bg6 13. Bxg6 hxg6) 13. Qxd3 Nd7 14. h4 Bh6 15. g4 Bf4 16. h5 h6 17. Ke2 {White clears the way for the rook to come to the kingside} (17. Nd2 {would have allowed White to castle long}) 17... Rc8 18. Nd2 Nc5 19. Qf5 Qd7 20. Nc4 O-O 21. Qxd7 Nxd7 22. Kd3 (22. Nxd6 $4 Rxc2+) 22... Nc5+ 23. Bxc5 Rxc5 24. Nb6 $4 {The knight can't save the d-pawn} (24. Rad1 {Activating the rook with an x-ray on Black's d-pawn} Rxd5+ 25. Ke2 {White wins the pawn back and gets a good position} {EW: No, Black is winning after} Rc5 26. Kd3 d5) ({EW:} 24. c3 $5 b5 25. Ne3 Bxe3 26. Kxe3 Rc4 $1 $17 (26... Rxd5 $2 27. Rhd1 Rxd1 28. Rxd1 Rd8 29. a4 $1 {happens to be even (Stockfish).})) 24... Rb5 25. Nc4 Rxd5+ 26. Kc3 Rc8 27. Kb3 Rb5+ 28. Kc3 d5 29. a4 Rxc4+ 30. Kd3 Rxb2 0-1

[Event "2024 New Year TNM: 1200-1599"]
[Site "San Francisco"]
[Date "2024.01.30"]
[Round "4.26"]
[White "Harris, Clarence"]
[Black "Karwat, Joseph"]
[Result "0-1"]
[WhiteElo "1400"]
[BlackElo "1357"]
[PlyCount "98"]
[EventDate "2024.01.09"]
[EventType "swiss"]
[EventRounds "7"]

1. e4 e6 2. d3 d5 3. Nd2 c5 4. Ngf3 Bd6 5. g3 Ne7 6. Bg2 O-O 7. O-O Nbc6 8. Re1 Bc7 9. e5 Ng6 10. Nb3 c4 11. Bg5 f6 12. exf6 gxf6 13. Bh6 cxb3 14. axb3 Re8 15. c3 Bd6 16. d4 Bf8 17. Bd2 a6 18. Bf1 Bd7 19. Bd3 f5 20. Bg5 Be7 21. Bh6 Bf6 22. h4 Bg7 23. Bg5 Bf6 24. Bh6 Nf8 25. Bg5 Bxg5 26. Nxg5 Qf6 27. Qh5 Re7 28. Nh3 Rg7 29. Nf4 Ng6 30. Nxg6 Rxg6 31. Kh2 Rg7 32. Rg1 Kh8 33. f4 Rag8 34. Rg2 Rg4 35. Bxf5 exf5 36. Re1 Qg6 37. Qxg6 R4xg6 38. Re3 Re8 39. Rxe8+ Bxe8 40. Re2 Bd7 41. Re3 Re6 42. Rxe6 Bxe6 43. b4 Bf7 44. Kg2 Kg7 45. Kf3 Be6 46. Ke3 Kg6 47. Kf2 Kh5 48. Kf3 Na7 49. b3 Nb5 0-1

[Event "2024 New Year TNM: u1200"]
[Site "San Francisco"]
[Date "2024.01.30"]
[Round "4.27"]
[White "Sangani, Nikhil"]
[Black "Massop, Daniel"]
[Result "1-0"]
[WhiteElo "1059"]
[BlackElo "1143"]
[Annotator "Winslow,Elliott"]
[PlyCount "77"]
[EventDate "2024.01.09"]
[EventType "swiss"]
[EventRounds "7"]

1. e4 c5 2. d4 cxd4 3. c3 dxc3 4. Nxc3 Nc6 5. Nf3 e6 6. Bf4 Bb4 7. Bc4 Nge7 8. O-O O-O 9. Nb5 Ng6 10. Bc7 Qf6 11. a3 Be7 12. Re1 Nge5 (12... d6 $1 $11) 13. Nxe5 Nxe5 14. Rc1 $6 (14. Bf1 $1 $14) 14... Nxc4 15. Rxc4 {[#]} d5 $6 (15... Qxb2 $1 16. a4 a6 17. Nd6 b5 $11) 16. exd5 exd5 $6 (16... Qxb2 17. d6 Bh4 18. Rxh4 Qxb5 19. h3 $16) 17. Rf4 Qxb2 $6 (17... Qa6 18. Rxe7 Qxb5 19. Be5 $16) 18. a4 $1 $18 Bg5 (18... Bf6 19. Bd6 $1 (19. Re2 Qa1 $11) 19... Rd8 20. Rb4 $18) 19. Re2 Qxe2 20. Qxe2 Bxf4 21. Bxf4 Bd7 22. Nc7 Rac8 23. h3 Bxa4 24. Nxd5 Rfe8 25. Qg4 Rc6 26. Bg5 Rg6 27. Nf4 Ra6 28. Nh5 Bd7 29. Qg3 Rg6 30. Nf4 Rb6 31. Nd5 Rg6 32. Nf4 Rb6 33. h4 h6 34. Nd5 Rb1+ 35. Kh2 hxg5 36. Qxg5 Kf8 37. h5 Be6 38. h6 gxh6 39. Qxh6+ 1-0

[Event "2024 New Year TNM: u1200"]
[Site "San Francisco"]
[Date "2024.01.30"]
[Round "4.29"]
[White "Mackley, Merlin Ethan"]
[Black "Pirone, John"]
[Result "1-0"]
[WhiteElo "741"]
[BlackElo "822"]
[Annotator "Winslow,Elliott"]
[PlyCount "53"]
[EventDate "2024.01.09"]
[EventType "swiss"]
[EventRounds "7"]

1. e4 e5 2. Nf3 Nc6 3. Bb5 a6 4. Ba4 Nf6 5. O-O Be7 6. Re1 O-O $2 7. c3 $2 (7. Bxc6 dxc6 8. Nxe5 $16) 7... b5 8. Bc2 (8. Bb3) 8... d5 $1 9. d4 $1 {[#]} Qd6 $4 (9... Nxe4 $11) 10. exd5 Qxd5 11. dxe5 Qxd1 12. Rxd1 $1 $18 Nd7 13. Be4 Nb6 14. Bxc6 Rb8 15. Be3 Be6 16. Bxb6 Rxb6 17. Nd4 Rd8 18. Bf3 Bd5 19. Nf5 Re6 20. Bxd5 Rxe5 21. Nxe7+ Kf8 22. Nd2 Kxe7 23. Re1 Rdxd5 24. Rxe5+ Rxe5 25. Nf3 Re2 26. Re1 Rxe1+ 27. Nxe1 1-0

[Event "2024 New Year TNM: u1200"]
[Site "San Francisco"]
[Date "2024.01.30"]
[Round "4.30"]
[White "Halle, Zachary"]
[Black "Dolan, Kevin"]
[Result "0-1"]
[WhiteElo "610"]
[BlackElo "1146"]
[Annotator "Winslow,Elliott"]
[PlyCount "50"]
[EventDate "2024.01.09"]
[EventType "swiss"]
[EventRounds "7"]

1. e4 c5 2. Nf3 Nc6 3. d4 cxd4 4. Nxd4 e5 5. Nb3 (5. Nb5) 5... Nf6 6. Nc3 Bb4 7. Bd3 d5 8. O-O Bxc3 9. bxc3 dxe4 10. Bb5 O-O 11. Qe2 Bg4 12. Qe3 Qd5 13. c4 Qd6 14. Bb2 Nb4 15. Qc3 a6 16. c5 Qe7 17. Qxb4 axb5 18. Qxb5 Nd5 19. Rfe1 f5 20. c6 bxc6 21. Qxc6 Nf4 22. Qc5 Qg5 23. Kh1 {[#]} Bf3 24. Qc4+ Kh8 25. Qf1 Bxg2+ 0-1